[Event "POL-ch U14"]
[Site "Uniejow"]
[Date "2021.07.25"]
[Round "9"]
[White "Leszcz, Mateusz"]
[Black "Turowski, Maciej"]
[Result "1/2-1/2"]
[WhiteElo "1386"]
[BlackElo "1447"]
[PlyCount "90"]
[EventDate "2021.07.18"]
[EventType "swiss"]
[EventRounds "9"]
[EventCountry "POL"]
[SourceTitle "EXT 2022"]
[Source "ChessBase"]
[SourceDate "2021.10.06"]
[SourceVersion "1"]
[SourceVersionDate "2021.10.06"]
[SourceQuality "1"]

1. d4 d5 2. Bf4 Nf6 3. e3 g6 4. Nf3 Bg7 5. h3 0-0 6. Bd3 b6 7. c3 Bb7 8. Nbd2 Nfd7 9. 0-0 c5 10. Re1 Nc6 11. Bb5 a6 12. Bxc6 Bxc6 13. Ne5 Nxe5 14. Bxe5 f6 15. Bg3 e5 16. Rc1 e4 17. c4 cxd4 18. exd4 Rc8 19. cxd5 Qxd5 20. Nc4 Bb7 21. Nxb6 Rxc1 22. Qxc1 Qxd4 23. Qc4+ Qxc4 24. Nxc4 f5 25. Rd1 f4 26. Bh4 Bc6 27. b3 Bb5 28. Nd6 Bd3 29. f3 Be2 30. Rd2 exf3 31. gxf3 Bxf3 32. Kf2 Bc6 33. Be7 Rb8 34. Nc4 Kf7 35. Bd6 Rd8 36. Bxf4 Bd4+ 37. Kg3 Kg8 38. Na5 Be4 39. Nc4 Bf6 40. Nd6 Bc6 41. Rc2 Bd7 42. Rc7 g5 43. Bxg5 Bxg5 44. Nb7 Be7 45. Kg2 Bxh3+ 1/2-1/2

[Event "POL-ch U14"]
[Site "Uniejow"]
[Date "2021.07.20"]
[Round "3"]
[White "Leszcz, Mateusz"]
[Black "Nowak, Filip"]
[Result "0-1"]
[WhiteElo "1386"]
[BlackElo "1745"]
[PlyCount "102"]
[EventDate "2021.07.18"]
[EventType "swiss"]
[EventRounds "9"]
[EventCountry "POL"]
[SourceTitle "EXT 2022"]
[Source "ChessBase"]
[SourceDate "2021.10.06"]
[SourceVersion "1"]
[SourceVersionDate "2021.10.06"]
[SourceQuality "1"]

1. b3 d5 2. Bb2 Bf5 3. e3 Nd7 4. d4 Ngf6 5. Nf3 e6 6. Be2 h6 7. a3 c6 8. c4 Bd6 9. Nc3 0-0 10. h3 Re8 11. 0-0 Qe7 12. Re1 Rad8 13. c5 Bb8 14. b4 e5 15. a4 exd4 16. exd4 Ne4 17. Bd3 Ndf6 18. Qc2 Qc7 19. Ne5 Bh7 20. a5 Nxc3 21. Bxh7+ Nxh7 22. Bxc3 f6 23. Nf3 Ng5 24. Qg6 Nxf3+ 25. gxf3 Qh2+ 26. Kf1 Qh1+ 27. Qg1 Qxf3 28. Rac1 Bf4 29. Qg2 Qxg2+ 30. Kxg2 Bxc1 31. Rxc1 a6 32. Kf3 Re4 33. Re1 Rde8 34. Re3 g5 35. Bd2 Kf7 36. Rxe4 Rxe4 37. Be3 f5 38. h4 Kg6 39. hxg5 hxg5 40. Kg2 f4 41. Bd2 Rxd4 42. Be1 Kf5 43. f3 g4 44. fxg4+ Kxg4 45. Kf2 Re4 46. Kf1 f3 47. Bc3 Rc4 48. Be1 Rc1 49. Kf2 Rxe1 50. Kxe1 Kg3 51. Kf1 f2 0-1

[Event "POL-ch U14"]
[Site "Uniejow"]
[Date "2021.07.20"]
[Round "2"]
[White "Madej, Marek"]
[Black "Leszcz, Mateusz"]
[Result "1-0"]
[WhiteElo "1786"]
[BlackElo "1386"]
[PlyCount "67"]
[EventDate "2021.07.18"]
[EventType "swiss"]
[EventRounds "9"]
[EventCountry "POL"]
[SourceTitle "EXT 2022"]
[Source "ChessBase"]
[SourceDate "2021.10.06"]
[SourceVersion "1"]
[SourceVersionDate "2021.10.06"]
[SourceQuality "1"]

1. e4 g6 2. d4 Bg7 3. Nf3 d6 4. h3 a6 5. Bd3 Nd7 6. 0-0 c5 7. c3 b5 8. a4 c4 9. Bc2 Bb7 10. Re1 e6 11. axb5 axb5 12. Rxa8 Qxa8 13. Na3 Qa6 14. b3 Ne7 15. bxc4 bxc4 16. Ba4 Bc6 17. Bxc6 Qxc6 18. Qe2 Nb6 19. Bg5 f6 20. Be3 0-0 21. d5 exd5 22. Bxb6 Qxb6 23. exd5 Qc5 24. Nxc4 Qxd5 25. Rd1 Qc5 26. Qe6+ Kh8 27. Nxd6 Nf5 28. Nf7+ Rxf7 29. Qxf7 Qf8 30. Qc7 Qa3 31. Rd8+ Bf8 32. Qf7 Qc1+ 33. Kh2 Qf4+ 34. g3 1-0

[Event "POL-ch U14"]
[Site "Uniejow"]
[Date "2021.07.19"]
[Round "1"]
[White "Leszcz, Mateusz"]
[Black "Borowik, Wojciech"]
[Result "1-0"]
[WhiteElo "1386"]
[BlackElo "1736"]
[PlyCount "143"]
[EventDate "2021.07.18"]
[EventType "swiss"]
[EventRounds "9"]
[EventCountry "POL"]
[SourceTitle "EXT 2022"]
[Source "ChessBase"]
[SourceDate "2021.10.06"]
[SourceVersion "1"]
[SourceVersionDate "2021.10.06"]
[SourceQuality "1"]

1. e4 c5 2. c3 d5 3. exd5 Qxd5 4. d4 Nc6 5. Nf3 e6 6. Be3 cxd4 7. cxd4 Nf6 8. Nc3 Qd8 9. Bc4 Be7 10. a3 0-0 11. Rc1 Nd5 12. 0-0 Nxc3 13. Rxc3 Bf6 14. Rd3 Qc7 15. Qd2 e5 16. Bd5 exd4 17. Nxd4 Ne5 18. Bf4 Qd8 19. Bxe5 Bxe5 20. Nf3 Qf6 21. Nxe5 Qxe5 22. Re1 Qf6 23. Rf3 Qd8 24. Rxf7 Kh8 25. Qf4 Rg8 26. Qf3 Bg4 27. Qxg4 Qxd5 28. Qd7 Qxd7 29. Rxd7 Rge8 30. Rxe8+ Rxe8 31. g3 Rb8 32. h4 g6 33. Kg2 a5 34. b4 b6 35. Ra7 axb4 36. axb4 Rc8 37. Rb7 Rc6 38. f3 Rc2+ 39. Kf1 Rc6 40. Ke2 Kg8 41. Kd3 h6 42. Kd4 Kf8 43. b5 Rf6 44. f4 Ke8 45. Ke4 h5 46. Ke5 Rf5+ 47. Ke6 Kd8 48. Rxb6 Kc7 49. Rc6+ Kb7 50. Ke7 Rxb5 51. Rxg6 Kc7 52. Rg5 Rb3 53. Kf6 Kd6 54. Kg6 Ke6 55. f5+ Ke5 56. f6+ Ke6 57. Kxh5 Kxf6 58. g4 Rb4 59. Rg6+ Kf7 60. Kh6 Rb8 61. Kh7 Rb4 62. h5 Rb5 63. g5 Rf5 64. h6 Re5 65. Rg7+ Kf8 66. Rg8+ Kf7 67. g6+ Kf6 68. Rf8+ Kg5 69. g7 Re7 70. Ra8 Rb7 71. Ra5+ Kf6 72. Kh8 1-0